000 00729nam a2200265Ia 4500
001 3864
005 20240113233658.0
007 ta
008 050604s2002 a g b000 u hin u
020 _cRs.80.00 (HB)
040 _aCotton College,Assam
041 _ahin
082 _a891.43408
_bMi 68 Ka
100 _aMishra, Saityaprakas .
245 0 _aKavyabhasa Par Tin Nibandh /
_cSaityaprakas Mishra.
_hTextual Documents
250 _a3rd ed. /
260 _aAllahabad :
_bLok Bharati Prakashan ,
_c2002.
300 _a111p. :
_bill ;
_c21cm .
365 _aRs.80.00
653 _aHindi essays-Collections
653 _aGen-Hindi
942 _2ddc
_cBK
999 _c3852
_d3852